=LDR 00000nam 2200000 4500 =001 NUTBA000000000005249 =005 20201019093241 =035 ##$$a 0010-101400000000479 =008 201019################g##########0#ind## =020 ##$$a 978-979-1211-95-6 =040 ##$$a NBPDMAT =090 ##$$a 321.01$b Sut n =100 ##$$a Sutini =245 1#$$a Negara kesatuan Republik Inodonesia /$c Sutini, S.Pd. editor, Ari Rahmawati, S.Sos, Arif Sudrajat =260 ##$$a Jakarta :$b Azka Press,$c 2008 =300 ##$$a iv, 68 hlm. : $b ilus. ; $c 25 x 18 cm. =500 ##$$a Bibilografi : hlm. 68 =650 #4$$a Negara Kesatuan - Indonesia =700 #$$a Ari Rahmawati =700 #$$a Arif Sudrajat =850 ##$$a NBPDMAT =082 ##$$a 321.01 =084 ##$$a 321.01 SUT n =990 ##$$a 21412217 =990 ##$$a 21412218 =990 ##$$a 21412219 =990 ##$$a 21412220 =990 ##$$a 21412221